| 000 | 00602nam a2200217Ia 4500 | ||
|---|---|---|---|
| 003 | OSt | ||
| 005 | 20230401124448.0 | ||
| 008 | 210423s1998 xx 000 0 und d | ||
| 020 | _a0-471-17574-9 | ||
| 040 | _cAL | ||
| 041 | _aeng | ||
| 082 |
_a540 _223 _bHOLF |
||
| 100 |
_aHOLUM (John R) _981929 |
||
| 245 | _aFundamentals of general organic and biological chemistry Ed 6 | ||
| 250 | _a6 | ||
| 260 |
_aNew York _bJohn Wiley & Sons _c1998 |
||
| 300 |
_axvi,800,104 _bHB |
||
| 650 |
_aChemistry _981930 |
||
| 906 | _abiological ; chemistry ; Fundamentals ; general ; organic | ||
| 942 |
_2ddc _cBK |
||
| 999 |
_c169032 _d169032 |
||